<?xml version="1.0" encoding="UTF-8"?>
<record
    xmlns:xsi="http://www.w3.org/2001/XMLSchema-instance"
    xsi:schemaLocation="http://www.loc.gov/MARC21/slim http://www.loc.gov/standards/marcxml/schema/MARC21slim.xsd"
    xmlns="http://www.loc.gov/MARC21/slim">

  <leader>03755nam2a22003731  4500</leader>
  <controlfield tag="001">RU\NLR\A1\20513</controlfield>
  <controlfield tag="005">20251203152403.2</controlfield>
  <datafield tag="035" ind1=" " ind2=" ">
    <subfield code="a">(NLR Aleph) 009675971</subfield>
  </datafield>
  <datafield tag="090" ind1=" " ind2=" ">
    <subfield code="a">13474735</subfield>
    <subfield code="c">13474735</subfield>
  </datafield>
  <datafield tag="100" ind1=" " ind2=" ">
    <subfield code="a">19990602d1794    m  y0rusy50      ca</subfield>
  </datafield>
  <datafield tag="101" ind1="1" ind2=" ">
    <subfield code="a">rus</subfield>
    <subfield code="c">ger</subfield>
  </datafield>
  <datafield tag="135" ind1=" " ind2=" ">
    <subfield code="a">crcn 024anaba</subfield>
  </datafield>
  <datafield tag="140" ind1=" " ind2=" ">
    <subfield code="a">y   y    ba      zzyaa0000  </subfield>
  </datafield>
  <datafield tag="200" ind1="0" ind2=" ">
    <subfield code="a">&#x427;.1</subfield>
  </datafield>
  <datafield tag="215" ind1=" " ind2=" ">
    <subfield code="a">[2], IV, [4], 284 &#x441;.</subfield>
  </datafield>
  <datafield tag="300" ind1=" " ind2=" ">
    <subfield code="a">&#x426;&#x435;&#x43D;&#x437;.: &#x421; &#x443;&#x43A;&#x430;&#x437;&#x43D;&#x430;&#x433;&#x43E; &#x434;&#x43E;&#x437;&#x432;&#x43E;&#x43B;&#x435;&#x43D;&#x438;&#x44F;</subfield>
  </datafield>
  <datafield tag="316" ind1=" " ind2=" ">
    <subfield code="a">&#x42D;&#x43A;&#x437;. &#x420;&#x41D;&#x411; (18.114.4.36) &#x432; &#x43A;&#x43E;&#x440;&#x438;&#x447;&#x43D;&#x435;&#x432;&#x43E;&#x43C; &#x446;&#x435;&#x43B;&#x44C;&#x43D;&#x43E;&#x43A;&#x43E;&#x436;&#x430;&#x43D;&#x43D;&#x43E;&#x43C; &#x43C;&#x430;&#x440;&#x43C;&#x43E;&#x440;&#x438;&#x440;&#x43E;&#x432;&#x430;&#x43D;&#x43D;&#x43E;&#x43C; &#x43F;&#x435;&#x440;. &#x41A;&#x43E;&#x440;&#x435;&#x448;&#x43E;&#x43A; &#x441; 5-&#x44E; &#x431;&#x438;&#x43D;&#x442;&#x430;&#x43C;&#x438;, &#x441; &#x431;&#x43B;&#x438;&#x43D;&#x442;&#x43E;&#x432;&#x44B;&#x43C; &#x442;&#x438;&#x441;&#x43D;&#x435;&#x43D;&#x438;&#x435;&#x43C;. &#x41D;&#x430; &#x43A;&#x43E;&#x440;&#x435;&#x448;&#x43A;&#x435; &#x434;&#x432;&#x435; &#x43A;&#x43E;&#x436;&#x430;&#x43D;&#x44B;&#x435; &#x43D;&#x430;&#x43A;&#x43B;&#x435;&#x439;&#x43A;&#x438;: &#x43A;&#x440;&#x430;&#x441;&#x43D;&#x430;&#x44F; &#x441; &#x442;&#x438;&#x441;&#x43D;&#x435;&#x43D;&#x43E;&#x439; &#x43D;&#x430;&#x434;&#x43F;&#x438;&#x441;&#x44C;&#x44E;: "&#x432;&#x440;&#x430;&#x447;&#x435;&#x431;&#x43D; &#x43D;&#x430;&#x443;&#x43A;&#x438;"; &#x438; &#x437;&#x435;&#x43B;&#x435;&#x43D;&#x430;&#x44F; &#x441; &#x432;&#x44B;&#x442;&#x438;&#x441;&#x43D;&#x435;&#x43D;&#x43D;&#x43E;&#x439; &#x446;&#x438;&#x444;&#x440;&#x43E;&#x439; 1. &#x412;&#x43D;&#x438;&#x437;&#x443; &#x43A;&#x43E;&#x440;&#x435;&#x448;&#x43A;&#x430; &#x434;&#x432;&#x435; &#x431;&#x443;&#x43C;&#x430;&#x436;&#x43D;&#x44B;&#x435; &#x43D;&#x430;&#x43A;&#x43B;&#x435;&#x439;&#x43A;&#x438; &#x441; &#x446;&#x438;&#x444;&#x440;&#x430;&#x43C;&#x438;: "833" &#x438; "36". &#x41E;&#x431;&#x440;&#x435;&#x437; &#x442;&#x43E;&#x43D;&#x438;&#x440;&#x43E;&#x432;&#x430;&#x43D; &#x43A;&#x440;&#x430;&#x441;&#x43D;&#x44B;&#x43C;. &#x41D;&#x430; &#x43D;&#x438;&#x436;&#x43D;&#x435;&#x439; &#x43A;&#x440;&#x44B;&#x448;&#x43A;&#x435; &#x43F;&#x435;&#x440;. &#x44D;&#x43A;&#x441;&#x43B;&#x438;&#x431;&#x440;&#x438;&#x441; &#x420;&#x443;&#x441;. &#x444;&#x43E;&#x43D;&#x434;&#x430; &#x420;&#x41D;&#x411; &#x441; &#x448;&#x438;&#x444;&#x440;&#x43E;&#x43C;. &#x41D;&#x430; &#x444;&#x43E;&#x440;&#x437;&#x430;&#x446;&#x435; &#x44F;&#x440;&#x43B;&#x44B;&#x43A; &#x441; &#x448;&#x438;&#x444;&#x440;&#x43E;&#x43C; &#x420;&#x41D;&#x411;. &#x424;&#x43E;&#x440;&#x437;&#x430;&#x446; &#x438; &#x43D;&#x430;&#x445;&#x437;&#x430;&#x446; &#x43E;&#x43A;&#x43B;&#x435;&#x435;&#x43D;&#x44B; &#x440;&#x430;&#x441;&#x43A;&#x440;&#x430;&#x448;&#x435;&#x43D;&#x43E;&#x439; &#x431;&#x443;&#x43C;&#x430;&#x433;&#x43E;&#x439;. &#x412; &#x43F;&#x440;&#x430;&#x432;&#x43E;&#x43C; &#x432;&#x435;&#x440;&#x445;&#x43D;&#x435;&#x43C; &#x443;&#x433;&#x43B;&#x443; &#x444;&#x43E;&#x440;&#x437;&#x430;&#x446;&#x430; &#x431;&#x443;&#x43C;&#x430;&#x436;. &#x43D;&#x430;&#x43A;&#x43B;&#x435;&#x439;&#x43A;&#x430; &#x441; &#x446;&#x438;&#x444;&#x440;&#x430;&#x43C;&#x438;: "833". &#x41D;&#x430; &#x441;.I, 15, 33 &#x438; 284 &#x43A;&#x440;&#x443;&#x433;&#x43B;&#x44B;&#x439; &#x448;&#x442;&#x430;&#x43C;&#x43F; &#x413;&#x41F;&#x411;. &#x41D;&#x430; &#x43E;&#x431;&#x43E;&#x440;&#x43E;&#x442;&#x435; &#x43F;&#x440;&#x430;&#x432;&#x43E;&#x439; &#x441;. &#x444;&#x43E;&#x440;&#x437;&#x430;&#x446;&#x430; &#x43D;&#x435;&#x440;&#x430;&#x437;&#x431;&#x43E;&#x440;&#x447;&#x438;&#x432;&#x430;&#x44F; &#x440;&#x443;&#x43A;&#x43E;&#x43F;. &#x437;&#x430;&#x43F;&#x438;&#x441;&#x44C;: "&#x415;&#x43C;&#x435;&#x43B;&#x44C;&#x44F;&#x43D;&#x443; &#x41A;&#x43B;&#x435;&#x432;&#x430;...&#x43D;&#x443; 1800 &#x433;&#x43E;&#x434;&#x430;". &#x41D;&#x430; &#x441;.1-9 &#x432;&#x43B;&#x430;&#x434;&#x435;&#x43B;&#x44C;&#x447;&#x435;&#x441;&#x43A;&#x430;&#x44F; &#x441;&#x43A;&#x440;&#x435;&#x43F;&#x430;: "&#x415;&#x43C;&#x435;&#x43B;&#x44C;&#x44F;&#x43D;&#x430; &#x410;&#x43B;&#x435;&#x43A;&#x441;&#x430;&#x43D;&#x434;&#x440;&#x43E;&#x432;&#x430;". &#x420;&#x430;&#x437;&#x43C;&#x435;&#x440;: 19,7&#x445;12,2&#x445;2,6 &#x441;&#x43C;.</subfield>
    <subfield code="5">NLR: 18.114.4.36</subfield>
  </datafield>
  <datafield tag="325" ind1=" " ind2=" ">
    <subfield code="a">&#x41A;&#x43E;&#x43F;&#x438;&#x44F; &#x434;&#x43E;&#x441;&#x442;&#x443;&#x43F;&#x43D;&#x430; &#x432; &#x42D;&#x43B;&#x435;&#x43A;&#x442;&#x440;&#x43E;&#x43D;. &#x431;-&#x43A;&#x435; &#x420;&#x41D;&#x411;</subfield>
  </datafield>
  <datafield tag="461" ind1=" " ind2="1">
    <subfield code="1">001RU\NLR\A1\20512</subfield>
    <subfield code="1">2000#$a&#x41D;&#x43E;&#x432;&#x44B;&#x44F; &#x43D;&#x430;&#x431;&#x43B;&#x44E;&#x434;&#x435;&#x43D;&#x438;&#x44F; &#x438; &#x43E;&#x43F;&#x44B;&#x442;&#x44B; &#x434;&#x43B;&#x44F; &#x43E;&#x431;&#x43E;&#x433;&#x430;&#x449;&#x435;&#x43D;&#x438;&#x44F; &#x432;&#x440;&#x430;&#x447;&#x435;&#x431;&#x43D;&#x44B;&#x44F; &#x43D;&#x430;&#x443;&#x43A;&#x438; &#x438; &#x432;&#x440;&#x430;&#x447;&#x435;&#x431;&#x43D;&#x430;&#x433;&#x43E; &#x438;&#x441;&#x43A;&#x443;&#x441;&#x441;&#x442;&#x432;&#x430;,$f&#x418;&#x43E;&#x430;&#x43D;&#x43D;&#x430; &#x410;&#x43D;&#x442;&#x43E;&#x43D;&#x430; &#x422;&#x435;&#x434;&#x435;&#x43D;&#x430;, &#x435;&#x433;&#x43E; &#x432;&#x435;&#x43B;&#x438;&#x447;&#x435;&#x441;&#x442;&#x432;&#x430; &#x43A;&#x43E;&#x440;&#x43E;&#x43B;&#x44F; &#x43F;&#x440;&#x443;&#x441;&#x441;&#x43A;&#x430;&#x433;&#x43E; &#x442;&#x440;&#x435;&#x442;&#x44C;&#x44F;&#x433;&#x43E; &#x433;&#x435;&#x43D;&#x435;&#x440;&#x430;&#x43B;-&#x43B;&#x435;&#x43A;&#x430;&#x440;&#x44F;, &#x438; &#x420;&#x438;&#x43C;&#x441;&#x43A;&#x43E;-&#x438;&#x43C;&#x43F;&#x435;&#x440;&#x430;&#x442;&#x43E;&#x440;&#x441;&#x43A;&#x43E;&#x439; &#x430;&#x43A;&#x430;&#x434;&#x435;&#x43C;&#x438;&#x438; &#x438;&#x441;&#x43F;&#x44B;&#x442;&#x430;&#x442;&#x435;&#x43B;&#x435;&#x439; &#x435;&#x441;&#x442;&#x435;&#x441;&#x442;&#x432;&#x430; &#x447;&#x43B;&#x435;&#x43D;&#x430;.$g&#x418;&#x437;&#x434;&#x430;&#x43D;&#x44B; &#x43D;&#x430; &#x440;&#x43E;&#x441;&#x441;&#x438;&#x439;&#x441;&#x43A;&#x43E;&#x43C; &#x44F;&#x437;&#x44B;&#x43A;&#x435; &#x418;&#x432;&#x430;&#x43D;&#x43E;&#x43C; &#x412;&#x43E;&#x440;&#x43E;&#x43D;&#x43E;&#x432;&#x44B;&#x43C;$v&#x427;.1</subfield>
    <subfield code="1">700#1$6z01700$a&#x422;&#x435;&#x434;&#x435;&#x43D;$b&#x418;.&#x425;.&#x410;.$f1714-1797$g&#x418;&#x43E;&#x433;&#x430;&#x43D; &#x425;&#x440;&#x438;&#x441;&#x442;&#x438;&#x430;&#x43D; &#x410;&#x43D;&#x442;&#x43E;&#x43D;$4070</subfield>
    <subfield code="1">700#1$6z01700$7ba$aTheden$bJ.C.A.$gJohann Christian Anton</subfield>
    <subfield code="9">9682701</subfield>
    <subfield code="a">&#x422;&#x435;&#x434;&#x435;&#x43D;, &#x418;.&#x425;.&#x410;. (1714-1797)</subfield>
    <subfield code="c">&#x41C;&#x43E;&#x441;&#x43A;&#x432;&#x430;</subfield>
    <subfield code="d">1794</subfield>
    <subfield code="f">&#x418;&#x43E;&#x430;&#x43D;&#x43D;&#x430; &#x410;&#x43D;&#x442;&#x43E;&#x43D;&#x430; &#x422;&#x435;&#x434;&#x435;&#x43D;&#x430;, &#x435;&#x433;&#x43E; &#x432;&#x435;&#x43B;&#x438;&#x447;&#x435;&#x441;&#x442;&#x432;&#x430; &#x43A;&#x43E;&#x440;&#x43E;&#x43B;&#x44F; &#x43F;&#x440;&#x443;&#x441;&#x441;&#x43A;&#x430;&#x433;&#x43E; &#x442;&#x440;&#x435;&#x442;&#x44C;&#x44F;&#x433;&#x43E; &#x433;&#x435;&#x43D;&#x435;&#x440;&#x430;&#x43B;-&#x43B;&#x435;&#x43A;&#x430;&#x440;&#x44F;, &#x438; &#x420;&#x438;&#x43C;&#x441;&#x43A;&#x43E;-&#x438;&#x43C;&#x43F;&#x435;&#x440;&#x430;&#x442;&#x43E;&#x440;&#x441;&#x43A;&#x43E;&#x439; &#x430;&#x43A;&#x430;&#x434;&#x435;&#x43C;&#x438;&#x438; &#x438;&#x441;&#x43F;&#x44B;&#x442;&#x430;&#x442;&#x435;&#x43B;&#x435;&#x439; &#x435;&#x441;&#x442;&#x435;&#x441;&#x442;&#x432;&#x430; &#x447;&#x43B;&#x435;&#x43D;&#x430;.</subfield>
    <subfield code="n">&#x412; &#x421;&#x435;&#x43D;&#x430;&#x442;&#x441;&#x43A;&#x43E;&#x439; &#x442;&#x438;&#x43F;&#x43E;&#x433;&#x440;&#x430;&#x444;&#x438;&#x438;. &#x443; &#x412;. &#x41E;&#x43A;&#x43E;&#x440;&#x43E;&#x43A;&#x43E;&#x432;&#x430;</subfield>
    <subfield code="t">&#x41D;&#x43E;&#x432;&#x44B;&#x44F; &#x43D;&#x430;&#x431;&#x43B;&#x44E;&#x434;&#x435;&#x43D;&#x438;&#x44F; &#x438; &#x43E;&#x43F;&#x44B;&#x442;&#x44B; &#x434;&#x43B;&#x44F; &#x43E;&#x431;&#x43E;&#x433;&#x430;&#x449;&#x435;&#x43D;&#x438;&#x44F; &#x432;&#x440;&#x430;&#x447;&#x435;&#x431;&#x43D;&#x44B;&#x44F; &#x43D;&#x430;&#x443;&#x43A;&#x438; &#x438; &#x432;&#x440;&#x430;&#x447;&#x435;&#x431;&#x43D;&#x430;&#x433;&#x43E; &#x438;&#x441;&#x43A;&#x443;&#x441;&#x441;&#x442;&#x432;&#x430;,</subfield>
    <subfield code="v">&#x427;.1</subfield>
  </datafield>
  <datafield tag="801" ind1=" " ind2="0">
    <subfield code="a">RU</subfield>
    <subfield code="b">NLR</subfield>
    <subfield code="c">19990602</subfield>
  </datafield>
  <datafield tag="852" ind1=" " ind2=" ">
    <subfield code="a">NLR</subfield>
    <subfield code="j">18.114.4.36</subfield>
  </datafield>
  <datafield tag="856" ind1=" " ind2="0">
    <subfield code="u">http://vivaldi.nlr.ru/bx000018256/view</subfield>
  </datafield>
  <datafield tag="856" ind1=" " ind2="1">
    <subfield code="u">http://vivaldi.nlr.ru/bx000018256/cover</subfield>
  </datafield>
  <datafield tag="856" ind1=" " ind2="2">
    <subfield code="u">http://vivaldi.nlr.ru/bx000018256/text</subfield>
  </datafield>
  <datafield tag="942" ind1=" " ind2=" ">
    <subfield code="c">BOOK</subfield>
  </datafield>
  <datafield tag="980" ind1="3" ind2=" ">
    <subfield code="a">kpcivil</subfield>
  </datafield>
  <datafield tag="980" ind1="3" ind2=" ">
    <subfield code="a">kp</subfield>
  </datafield>
  <datafield tag="980" ind1=" " ind2=" ">
    <subfield code="a">A1XVIIIv</subfield>
  </datafield>
  <datafield tag="980" ind1=" " ind2=" ">
    <subfield code="a">NB</subfield>
  </datafield>
  <datafield tag="981" ind1="2" ind2="0">
    <subfield code="a">(20) &#x41A;&#x43D;&#x438;&#x436;&#x43D;&#x44B;&#x435; &#x43F;&#x430;&#x43C;&#x44F;&#x442;&#x43D;&#x438;&#x43A;&#x438; &#x420;&#x41D;&#x411;</subfield>
    <subfield code="b">(20) &#x420;&#x443;&#x441;&#x441;&#x43A;&#x438;&#x439; &#x43A;&#x43D;&#x438;&#x436;&#x43D;&#x44B;&#x439; &#x444;&#x43E;&#x43D;&#x434;</subfield>
  </datafield>
</record>
